| 000 | 00649nam a2200193Ia 4500 | ||
|---|---|---|---|
| 003 | GCL | ||
| 008 | 140319s9999 xx 000 0 ara d | ||
| 040 |
_aGCL / _cGCL |
||
| 082 | 0 | 4 |
_a371.89 _bع ا |
| 100 | 1 | _aعبدالمجيد شكرى | |
| 245 | 1 | 0 |
_aالاذاعة المدرسية فى ضوء تكنولوجيا التعليم / _cعبدالمجيد شكرى |
| 300 | _a99 ص | ||
| 490 |
_aالهيئة العامة للاستعلامات _v0 |
||
| 650 | 0 | 4 | _aالنشاط المدرسى |
| 650 | 0 | 4 | _aالاذاعة المدرسية |
| 650 | 0 | 4 | _aالراديو فى التعليم |
| 650 | 0 | 4 | _aالطلبة - نشاط |
| 942 |
_2ddc _cBK |
||
| 999 |
_c51910 _d51910 |
||